Habilidades comunicativas en L2 mediatizadas por la tecnología en el contexto de los enfoques por tareas y cooperativo /

El objetivo principal de este artículo es determinar cómo los principios metodológicos del enfoque basado en tareas, el aprendizaje cooperativo y la metodología CALL pueden ser utilizados de manera combinada en el diseño de actividades para el desarrollo de las habilidades lingüísticas. Con este obj...

Full description

Bibliographic Details
Main Author: Quintanilla Espinoza, Angie
Other Authors: Ferreira Cabrera, Anita
Format: Analitica de revista
Language:Spanish
Published: Valdivia, Chile Universidad Austral de Chile 2010
Subjects:
Online Access:Acceso electrónico al documento

MARC

LEADER 00000cab a2200000 a 4500
001 031817
003 UAHC_CL
005 20180816115553.0
008 100602s2009 cl 000 spa
952 |0 0  |1 0  |2 ddc  |4 0  |6 ESTUD___PEDAGÓG_02_10_000000000000000  |7 0  |8 COMP  |9 61943  |a BC  |b BC  |c General  |d 2017-08-03  |l 0  |o ESTUD. PEDAGÓG.-02/10  |r 2018-01-17 00:00:00  |w 2017-08-03  |y REVA 
999 |c 31817  |d 31817 
040 |a UAHC_CL  |c UAHC_CL  |d UAHC_CL 
100 1 |a Quintanilla Espinoza, Angie 
245 1 0 |a Habilidades comunicativas en L2 mediatizadas por la tecnología en el contexto de los enfoques por tareas y cooperativo /  |c Angie Quintanilla Espinoza, Anita Ferreira Cabrera. 
260 |c 2010  |b Universidad Austral de Chile  |a Valdivia, Chile 
300 |a p. 213-239 
500 |a En: Estud. pedagóg., 2010, no.02, vol. 36 p. 213-239. ISSN 0718-0705. 
520 |a El objetivo principal de este artículo es determinar cómo los principios metodológicos del enfoque basado en tareas, el aprendizaje cooperativo y la metodología CALL pueden ser utilizados de manera combinada en el diseño de actividades para el desarrollo de las habilidades lingüísticas. Con este objetivo, se explora evidencia empírica acerca de la efectividad de esta metodología en el aprendizaje de inglés como lengua extranjera en un estudio cuasiexperimental pre- y post- test grupo control. Los resultados obtenidos revelan un mayor incremento en el aprendizaje del grupo experimental que utilizó la metodología integrada en comparación con el grupo control que trabajó con una metodología tradicional. Esto sugiere que el uso combinado del enfoque basado en tareas, el aprendizaje cooperativo y la metodología CALL sería beneficioso para el desarrollo de las habilidades lingüísticas. 
653 |a PEDAGOGIA EN EDUCACION BASICA 
700 1 |a Ferreira Cabrera, Anita 
773 0 |t Estudios pedagógicos  |w 031657 
856 |u http://www.scielo.cl/scielo.php?script=sci_arttext&pid=S0718-07052010000200013&lng=es&nrm=iso&tlng=es  |y Acceso electrónico al documento 
900 |a ESTUD. PEDAGÓG.-02/10 
942 |c REVA  |2 ddc